000 01336cad a22002535a 4500
001 L142770
008 080310s2008 xxk f v f000 0 eng d
035 _a(Sirsi) u142783
041 0 _aeng
050 0 4 _a336.21 $2 18
110 2 _aUnited Kingdom
_bDepartment for Communities and Local Government
_94939
245 0 4 _aThe Non-Domestic Rating (Unoccupied Property) (England) Regulations 2008
_h[electronic resource]
260 _aLondon
_bOPSI
_c2008
490 0 _aStatutory Instrument
_v2008: 386
520 _aMade 18 February 2008. Laid before Parliament 26 February 2008. Coming into force 1 April 2008. This regulation revokes and replaces the Non-Domestic Rating (Unoccupied Property) Regulations 1989 (S.I. 1989/2251) in their application to England. The 2008 Regulations prescribe the class of property whose owner will be liable for non-domestic rates when the property is empty and the exceptions from that class.
521 2 0 _aAdvanced
590 _aKA
650 2 4 _aRATING (EMPTY PROPERTIES) BILL 2006-07
650 2 4 _aRATING (EMPTY PROPERTIES) ACT 2007
651 4 _aEngland
_y886-
690 _aPROPERTY-COMMERCIAL PROPERTY-COMMERCIAL PROPERTY TAXATION-BUSINESS RATES
856 4 0 _uhttps://www.opsi.gov.uk/si/si2008/uksi_20080386_en_1
_zView the Regulations free of charge at www.opsi.gov.uk...
942 _n0
999 _c107972
_d107972